Oficjalne języki Unii Europejskiej - Statystyki

Ogólne statystyki
  • Ten quiz został rozwiązany 14 503 razy
    14 422 od ostatniego zresetowania
  • Średni wynik to 19 z 24
Statystyki odpowiedzi
Oficjalny w: Język % Poprawnych
Polska polski (polski)
99%
Austria, Belgia, Niemcy, Luksemburg niemiecki (deutsch)
97%
Irlandia, Malta angielski
96%
Hiszpania hiszpański (español)
95%
Belgia, Francja, Luksemburg francuski (français)
93%
Portugalia portugalski (português)
92%
Włochy włoski (italiano)
91%
Czechy czeski (čeština)
89%
Słowacja słowacki (slovenčina)
86%
Cypr, Grecja grecki (ελληνικά)
84%
Chorwacja chorwacki (hrvatski)
81%
Finlandia, Szwecja szwedzki (svenska)
80%
Belgia, Holandia holenderski (nederlands)
79%
Dania duński (dansk)
78%
Estonia estoński (eesti keel)
77%
Rumunia rumuński (română)
77%
Węgry węgierski (magyar)
76%
Litwa litewski (lietuvių kalba)
75%
Słowenia słoweński (slovenščina)
74%
Łotwa łotewski (latviešu valoda)
73%
Bułgaria bułgarski (български)
72%
Finlandia fiński (suomi)
64%
Irlandia irlandzki (Gaeilge)
47%
Malta maltański (malti)
26%
Nie znaleziono quizów pasujących do podanych kryteriów
Rozkład punktacji
Procent ludzi z każdym wynikiem
Percentyl według liczby udzielonych odpowiedzi
Twoja historia wyników
Nie rozwiązałeś tego quizu od ostatniego zresetowania